| 000 | 00415nam a2200133Ia 4500 | ||
|---|---|---|---|
| 008 | 230907s9999||||xx |||||||||||||| ||und|| | ||
| 082 |
_a370.951 _bGAN |
||
| 100 |
_aGang, Han. _915030 |
||
| 245 | 0 | _aRead China : how China's development shapes Chinese people's lives in the changing world / | |
| 260 |
_aBeijing mediatime united, _bBeijing : _c2010 |
||
| 300 | _a280 p. : | ||
| 650 | _aChinese Studies | ||
| 942 | _cBK | ||
| 999 |
_c601666 _d601666 |
||